ბათუმის შოთა რუსთაველის სახელმწიფო უნივერსიტეტის ბიბლიოთეკა

ჩანაწერი Personal Name

ჩანაწერთა რაოდენობა, რომელიც გამოყენებულია: 1

001 - CONTROL NUMBER

  • control field: 10473

003 - CONTROL NUMBER IDENTIFIER

  • control field: GE_BSU

005 - DATE AND TIME OF LATEST TRANSACTION

  • control field: 20210316125431.0

008 - FIXED-LENGTH DATA ELEMENTS

  • fixed length control field: 210316|| aca||aabn | a|a d

040 ## - CATALOGING SOURCE

  • Original cataloging agency: GE_BSU
  • Transcribing agency: GE_BSU

100 ## - HEADING--PERSONAL NAME

  • Personal name: მუხაშავრია, შ.

670 ## - SOURCE DATA FOUND

  • Source citation: Work cat.: (GE_BSU)51931: მუხაშავრია, შ., ქიმიური მელიორანტების ხანგრძლივი გამოყენების შედარებითი ეფექტიანობა წითელმიწა ნიადაგების ნაყოფიერებაზე და ლიმონ "მეიერის" ხის მოსავლიანობაზე /